Panchayat-i-Raj (Record no. 964387)

MARC details
000 -LEADER
fixed length control field 00359nam a2200133Ia 4500
008 - FIXED-LENGTH DATA ELEMENTS--GENERAL INFORMATION
fixed length control field 151001s9999||||xx |||||||||||||| ||und||
100 ## - MAIN ENTRY--PERSONAL NAME
Personal name S. K. Dey
245 ## - TITLE STATEMENT
Title Panchayat-i-Raj
250 ## - EDITION STATEMENT
Edition statement 1
260 ## - PUBLICATION, DISTRIBUTION, ETC. (IMPRINT)
Name of publisher, distributor, etc asia pacific
260 ## - PUBLICATION, DISTRIBUTION, ETC. (IMPRINT)
Date of publication, distribution, etc 1961
300 ## - PHYSICAL DESCRIPTION
Extent 139
365 ## - TRADE PRICE
Price amount 22

No items available.